Chile, la conjura: los mil y un días del golpe

Saved in:
Bibliografiske detaljer
Hovedforfatter: González Mujica, Mónica (Author)
Format: Bog
Sprog:spansk
Udgivet: Santiago B Chile 2000
Fag:
Tags: Tilføj Tag
Ingen Tags, Vær først til at tagge denne postø!

MARC

LEADER 00000nam a2200000 a 4500
001 UCN0053
003 CL-VaPUC
008 010316e20000900CL |||||||||||||||||spa|d
082 0 4 |a 321.09  |b GON  |2 21 
100 |a González Mujica, Mónica  |e author  |9 582363 
245 1 0 |a Chile, la conjura: los mil y un días del golpe 
300 |a 507 p 
942 |c BK 
945 |d 20010316 00:00:00  |a cmena 
260 |a Santiago  |b B Chile  |c 2000 
600 0 |a Allende Gossens, Salvador,   |d 1908-1973  |9 257222 
600 0 |a Pinochet Ugarte, Augusto,  |e 1915-2006  |9 374419 
650 0 |a Golpe militar   |9 379681 
650 7 |a GOBIRNO MILITAR  |2 CL-VaPUC  |9 455292 
650 7 |a REPORTAJES  |2 CL-VaPUC  |9 379680 
650 7 |a GOLPE MILITAR - DOCUMENTOS  |2 CL-VaPUC  |9 455293 
583 |a last modification  |c 20010316 00:00:00  |k Rodrigo Vera 
999 |c 294023  |d 294021 
952 |0 0  |1 0  |4 0  |6 321_090000000000000_GON_2000  |7 0  |8 A  |9 345863  |a BIBCUR  |b BIBCUR  |d 2019-11-20  |i 3686957  |l 2  |m 1  |o 321.09 GON 2000  |p 3686957  |r 2025-04-22  |s 2023-10-25  |w 2019-11-20  |y BK  |k PER